| 000 | 00679cam a2200229 i 4500 | ||
|---|---|---|---|
| 001 | 2283374 | ||
| 003 | ARRUPE | ||
| 005 | 20160812094536.0 | ||
| 008 | 800114s1979 nyu b 000 0 eng | ||
| 010 | _a 79090141 | ||
| 020 |
_a080912243X : _c$3.95 |
||
| 040 |
_aDLC _cDLC _dDLC |
||
| 050 | 0 | 0 |
_aBS2556 _b.M26 |
| 100 | 1 |
_aMcEleney, Neil J. _924918 |
|
| 245 | 1 | 4 |
_aThe growth of the Gospels / _cNeil J. McEleney. |
| 260 |
_aNew York : _bPaulist Press, _cc1979. |
||
| 300 |
_avii, 88 p. ; _c21 cm. |
||
| 504 | _aBibliography: p. 88. | ||
| 630 | 0 | 0 |
_aBible. _pGospels _xStudy and teaching. _924919 |
| 906 |
_a7 _bcbc _corignew _d2 _eopcn _f19 _gy-gencatlg |
||
| 942 |
_2lcc _cMONOGRAPH |
||
| 999 |
_c124955 _d124955 |
||